Politické faktory, ovplyvňujúce ekonomickú liberalizáciu. 1. Ako by sa stredná Európa mohla stať tigrom.
Dobré hospodárske reformné programy úspešné za demokratických a autoritatívnych vlád (Chile, Južná Kórea, Tchaj-Wan). Nevyhnutnosť prednesenia vládneho programu verejnosti a publikovania výsledkov. Súčasti úspešných programov ekonomickej liberalizácie: makroekonomická stabilizácia, domáca finančná l...
Enregistré dans:
| Auteur principal: | |
|---|---|
| Format: | Chapitre de livre |
| Langue: | slovaque |
| Sujets: | |
| Tags: |
Pas de tags, Soyez le premier à ajouter un tag!
|
MARC
| LEADER | 00000naa a2200000 4500 | ||
|---|---|---|---|
| 001 | r011567 | ||
| 005 | 20220826095000.6 | ||
| 041 | 0 | |a slo | |
| 044 | |a [CS] | ||
| 245 | 1 | 0 | |a Politické faktory, ovplyvňujúce ekonomickú liberalizáciu. 1. |b Ako by sa stredná Európa mohla stať tigrom. |c G. Eichler |
| 520 | |a Dobré hospodárske reformné programy úspešné za demokratických a autoritatívnych vlád (Chile, Južná Kórea, Tchaj-Wan). Nevyhnutnosť prednesenia vládneho programu verejnosti a publikovania výsledkov. Súčasti úspešných programov ekonomickej liberalizácie: makroekonomická stabilizácia, domáca finančná liberalizácia, liberalizácia obchodu, privatizácia štátnych podnikov, reforma trhu práce. Úloha vonkajšieho kapitálu, poučenia z ázijského modelu privatizácie a z programov, ktoré zlyhali. | ||
| 610 | 2 | 0 | |a reformy hospodárske |
| 610 | 2 | 0 | |a programy vládne |
| 610 | 2 | 0 | |a liberalizácia |
| 610 | 2 | 0 | |a obchod |
| 610 | 2 | 0 | |a privatizácia |
| 610 | 2 | 0 | |a trh práce |
| 610 | 2 | 0 | |a kapitál zahraničný |
| 610 | 2 | 0 | |a Čile |
| 610 | 2 | 0 | |a Južná Kórea |
| 610 | 2 | 0 | |a Taiwan |
| 610 | 2 | 0 | |a politika |
| 100 | 1 | |a Eichler, G. | |